1718 1321 1316 1890 1533 1480 1427 1403 1899 1944 1769 1563 1998 1422 1999 1344 1831 1780 1099 1959 1654 1862 1844 1724 1789 1205 1915 1212 1950 1616 1639 1665 1626 1616 1114 1357 1013 1850 1484 1600 1241 1830 1574 1067 1676 1472 1643 1784 1581 1994 1974 1464 1569 1844 1887 1325 1249 1283 1196 1347 1032 1187 1956 1944 1370 1231 1286 1330 1008 1909 1618 1023 1388 1690 1657 1457 1855 1364 1615 1346 1244 1329 1272 1386 1834 1177 1528 1318 1507 1500 1043 1853 1601 1708 1525 1202 1632 1300 1191 BCNSPRNW ULIB Ver.6.0+V

เปลี่ยนเป็นภาษาไทย

Change to English
 แสดงรายละเอียดบรรณานุกรม
  กลับหน้าหลัก

Brief Record : Get Marc (ISO 2709) : E-mail record : QR code < ปิดหน้าต่าง
LEADER : 00000nam 2200000uu 4500
001    13399125107
003     ULIB
008    160627s2559||||th 000 0 tha d
020    ^a9786162798269
060 04 ^aWA100^bส743
245 00 ^aสุขภาพคนไทย 2559 :ตายดีวิถีที่เลือกได้/^cสถาบันวิจัยประชากรและสังคมมหาวิทยาลัยมหิดล
246 30 ^aตายดีวิถีที่เลือกได้
250    ^aพิมพ์ครั้งที่ 1
260    ^aนครปฐม :^bสถาบันวิจัยประชากรและสังคม มหาวิทยาลัยมหิดล,^c2559,[2016]
300    ^a108 หน้า :^bภาพประกอบ, แผนภูมิ ;^c30 ซม.
490 1  ^aเอกสารทางวิชาการ / สถาบันวิจัยประชากรและสังคม มหาวิทยาลัยมหิดล
650  2 ^aHealth Status Indicators
650  7 ^aความตาย
650  7 ^aความตาย^xจิตวิทยา
650  7 ^aวัยรุ่น
650  7 ^aสังคมออนไลน์
650  7 ^aคนรุ่นใหม่
650  7 ^aไฤติกรรมสุขภาพ
650  7 ^aดัชนีสุขภาพ
650  7 ^aภาวะสุขภาพ^xดัชนีชี้วัด
710 2  ^aมหาวิทยาลัยมหิดล. ^bสถาบันวิจัยประชากรและสังคม
710 2  ^aสำนักงานกองทุนสนับสนุนการสร้างเสริมสุขภาพ
710 2  ^aสำนักงานคณะกรรมการสุขภาพแห่งชาติ
945    ^p0^l0^i001352
945    ^p0^l0^i001353
945    ^p0^l0^i001354
999    ^aทศพร
รายการนี้ยังไม่มีแท็ก
คุณยังไม่ได้ล็อกอิน คุณสามารถมีกิจกรรมร่วมกับเว็บไซต์ได้ แต่ต้องล็อกอินก่อน ::
  ล็อกอิน

รายการสื่อสารสนเทศ

ลำดับที่ ประเภท เลขเรียก/บาร์โค้ด สถานที่ สถานะ
1. วิทยาศาสตร์การแพทย์ และสุขภาพ
วิทยาศาสตร์การแพทย์ และสุขภาพ
สถานะ=หนังสือเก่า
WA100 ส743 ฉ.1 
  Barcode: 001352
ห้องสมุดวิทยาเขตสวรรค์ประชารักษ์
►ส่วนจัดเก็บหนังสือเก่า สปร
บนชั้น
  ขอยืม
2. วิทยาศาสตร์การแพทย์ และสุขภาพ
วิทยาศาสตร์การแพทย์ และสุขภาพ
สถานะ=หนังสือเก่า
WA100 ส743 ฉ.2 
  Barcode: 001353
ห้องสมุดวิทยาเขตสวรรค์ประชารักษ์
►ส่วนจัดเก็บหนังสือเก่า สปร
บนชั้น
  ขอยืม
3. วิทยาศาสตร์การแพทย์ และสุขภาพ
วิทยาศาสตร์การแพทย์ และสุขภาพ
สถานะ=หนังสือเก่า
WA100 ส743 ฉ.3 
  Barcode: 001354
ห้องสมุดวิทยาเขตสวรรค์ประชารักษ์
►ส่วนจัดเก็บหนังสือเก่า สปร
บนชั้น
  ขอยืม

รายการใกล้เคียง
    หัวเรื่อง [Health Status Indicators]
    หัวเรื่อง [ความตาย]
    หัวเรื่อง [วัยรุ่น]
    หัวเรื่อง [สังคมออนไลน์]
    หัวเรื่อง [คนรุ่นใหม่]
    หัวเรื่อง [ดัชนีสุขภาพ]

BibComment


ยังไม่เคยถูกคอมเมนท์

คอมเมนท์ทรัพยากรรายการนี้
  คอมเมนท์: สุขภาพคนไทย 2559..


 Copyright 2026. Bcnsprnw @Library